1718 1616 1280 1476 1292 1489 1859 1108 1405 1786 1447 1513 1765 1820 1859 1891 1483 1280 1841 1288 1132 1827 1044 1081 1818 1378 1813 1506 1919 1477 1616 1353 1874 1863 1390 1849 1929 1513 1611 1422 1462 1693 1691 1853 1526 1387 1698 1242 1374 1286 1255 1286 1810 1156 1394 1850 1379 1131 1742 1679 1313 1410 1806 1582 1757 1945 1003 1195 1030 1234 1931 1281 1626 1379 1396 1636 1124 1721 1699 1110 1171 1467 1286 1989 1012 1742 1306 1252 1435 1300 1690 1541 1983 1745 1565 1136 1911 1911 1264 BCNSPRNW ULIB Ver.6.0+V

เปลี่ยนเป็นภาษาไทย

Change to English
 แสดงรายละเอียดบรรณานุกรม
  กลับหน้าหลัก

Brief Record : Get Marc (ISO 2709) : E-mail record : QR code < ปิดหน้าต่าง
LEADER : 00000nam 2200000uu 4500
001    13399126323
003     ULIB
008    180906s2561||||th 000 0 tha d
020    ^a9786164431003
060  4 ^aWB115 ^bอ641
245 0  ^aอายุรศาสตร์ทันยุค 2561 = ^bUpdate in internal medicine 2018 / ^cบรรณาธิการ, มณฑิรา มณีรัตนะพร...[และคนอื่นๆ]
246 3   ^aUpdate in internal medicine 2018
250    ^aพิมพ์ครั้งที่ 1.
260    ^aกรุงเทพฯ : ^bภาควิชาอายุรศาสตร์ คณะแพทยศาสตร์ศิริราชพยาบาล, ^c2561.
300    ^a(17), 614 หน้า : ^bภาพประกอบ
500    ^aดัชนี.
504    ^aเอกสารอ้างอิงท้ายบท.
650  2 ^aInternal Medicine.
700 0  ^aมณฑิรา มณีรัตนะพร, ^eบรรณาธิการ.
700 0  ^aระวีวรรณ เลิศวัฒนารักษ์, ^eบรรณาธิการ.
700 0  ^aสุรัตน์ ทองอยู่, ^eบรรณาธิการ.
700 0  ^aนัฐพล ฤทธิ์ทยมัย, ^eบรรณาธิการ.
710 2  ^aมหาวิทยาลัยมหิดล. ^bคณะแพทยศาสตร์ศิริราชพยาบาล. ^bภาควิชาอายุรศาสตร์.
945    ^p500^l0^i26550
945    ^p500^l0^i26549
999    ^aกัณชพร จุลอักษร
รายการนี้ยังไม่มีแท็ก
คุณยังไม่ได้ล็อกอิน คุณสามารถมีกิจกรรมร่วมกับเว็บไซต์ได้ แต่ต้องล็อกอินก่อน ::
  ล็อกอิน

รายการสื่อสารสนเทศ

ลำดับที่ ประเภท เลขเรียก/บาร์โค้ด สถานที่ สถานะ
1. หนังสือสำรอง
หนังสือสำรอง
WB115 อ641 ฉ.1 
  Barcode: 26549
ห้องสมุดวิทยาเขตนครสวรรค์
►หนังสือทั่วไป:l:General Books
บนชั้น
2. วิทยาศาสตร์การแพทย์ และสุขภาพ
วิทยาศาสตร์การแพทย์ และสุขภาพ
WB115 อ641 ฉ.2 
  Barcode: 26550
ห้องสมุดวิทยาเขตนครสวรรค์
►หนังสือทั่วไป:l:General Books
บนชั้น

รายการใกล้เคียง
    หัวเรื่อง [Internal Medicine.]

BibComment


ยังไม่เคยถูกคอมเมนท์

คอมเมนท์ทรัพยากรรายการนี้
  คอมเมนท์: อายุรศาสตร์ทันยุ..


 Copyright 2026. Bcnsprnw @Library